| 000 | 00902nam a2200253Ia 4500 | ||
|---|---|---|---|
| 003 | GCL | ||
| 008 | 140319s9999 xx 000 0 ara d | ||
| 040 |
_aGCL / _cGCL |
||
| 082 | 0 | 4 |
_a320.12 _bو ح |
| 100 | 1 | _aولكينسون, جون.س | |
| 245 | 1 | 0 |
_aحدود الجزيرة العربية: قضية الدور البريطانى فى رسم الحدود غير الصحراء / _cولكينسون, جون.س |
| 700 | 1 | _aمجدى عبدالكريم | |
| 260 |
_a[S.N] : _bمكتبة مدبولى ، _c1993 |
||
| 300 | _a456 ص | ||
| 490 | _a | ||
| 650 | 0 | 4 | _aالعصر الحديث |
| 650 | 0 | 4 | _aتاريخ |
| 650 | 0 | 4 | _aشبه الجزيرة العربية |
| 650 | 0 | 4 | _aالاحتلال العسكرى |
| 650 | 0 | 4 | _aالحدود السياسية |
| 650 | 0 | 4 | _aالجغرافيا السياسية |
| 650 | 0 | 4 | _aالاستعمار فى البلاد العربية |
| 942 |
_2ddc _cBK |
||
| 999 |
_c30442 _d30442 |
||